000 00706nam a2200229 u 4500
005 20240924070353.0
008 181016s2005 ag r 000 0 spa d
020 _a9500829827
035 _aUPN01000227313
049 _aI
050 4 _aPZ74.7
_bC3.6
100 1 _aCastellanos, Ofelia
_942958
245 1 0 _aAgustina en la lluvia /
_cOfelia Castellanos ; il. Héctor Adrián Borlasca.
260 _aBuenos Aires :
_bAtlántida,
_c2005.
300 _a[8] p. :
_bprincipalmente il. col.
440 0 _aAgustina.
_pAtlántida mini
650 4 _aCUENTOS HUMORISTICOS
_911283
650 0 _aFantasía
_911180
650 7 _aLibros ilustrados para niños
_2
_921365
905 _aInfantil
999 _c199408
_d199408